California counties - Statistics

General Stats
  • This quiz has been taken 5 times
  • The average score is 24 of 58
Answer Stats
Answer % Correct
San francisco
100%
Inyo
75%
Mendocino
75%
Monterey
75%
Sacramento
75%
San benito
75%
Santa clara
75%
Alameda
50%
Alpine
50%
Butte
50%
Calaveras
50%
Colusa
50%
Contra costa
50%
Del norte
50%
Fresno
50%
Humboldt
50%
Imperial
50%
Kern
50%
Marin
50%
Merced
50%
Modoc
50%
Mono
50%
Napa
50%
Placer
50%
Riverside
50%
San diego
50%
San joaquin
50%
San luis obispo
50%
San mateo
50%
Santa barbara
50%
Santa cruz
50%
Shasta
50%
Sierra
50%
Sonoma
50%
Stanislaus
50%
Ventura
50%
Yolo
50%
El dorado
25%
Glenn
25%
Lassen
25%
Madera
25%
Orange
25%
San bernadino
25%
Siskiyou
25%
Solano
25%
Sutter
25%
Tehama
25%
Trinity
25%
Tuolumne
25%
Yuba
25%
Amador
0%
Kings county
0%
Lake county
0%
Los angelel
0%
Mariposa
0%
Nevada county
0%
Plumas
0%
Tulare
0%
No matching quizzes found
Score Distribution
Percent of People with Each Score
Percentile by Number Answered
Your Score History
You have not taken this quiz